000 01976cam a22004814i 4500
003 PE-LiUPU
005 20251015094308.0
008 150706s1986 miua rb 000 0 eng d
020 _a0802800505
035 _a(Sirsi) i9780802800503
040 _aPE-LiUPU
_bspa
_cPE-LiUPU
_erda
049 _aPRUA
082 0 4 _a270.6
_bE92
_221
100 1 _aEstep, William R.,
_eautor.
245 1 0 _aRenaissance and reformation /
_cWilliam R. Estep.
264 1 _aGrand Rapids, Michigan :
_bWilliam B. Eerdmans,
_c1986.
300 _a331 páginas :
_bilustraciones ;
_c25 centímetros
336 _atext
_2rdacontent
337 _aunmediated
_2rdamedia
338 _avolume
_2rdacarrier
504 _aIncluye bibliografía.
505 0 _aA medieval montage -- The Italian renaissance -- Renaissance art and artists -- The Northern renaissance -- Attempts at reform: Wycliffe and Huss -- Erasmus and his disciples -- Europe on the threshold -- Martin Luther: -The Strategy of confrontation -- New Wineskins for new wine -- Zwingli: Humanist turned reformer -- The parting of the ways -- The Anabaptists -- Calvin and the city of refuge.
526 _aSEG42
526 _aSEG41
526 _aSEG40
526 _aSEG39
526 _aP94
526 _aP87
526 _aP86
526 _aP85
526 _aP77
526 _aP76
526 _aP35
541 _g800-253-7521;
650 0 0 _aReforma
_91623
650 0 4 _aRenacimiento.
910 _agl
_bjv
_clch
_d20091230
942 _2ddc
_cBOOK
949 _a270.6 E92
_wDEWEY
_c1
_i60876
_lCCODEBUL1
_mBUL
_p34.00
_r0
_sY
_tBOOK
_u2015-7-6
_xTEOLOGIA
_zUNKNOWN
_0COMPRA
_o.STAFF. Colección Teología
994 _aC0
_bPEPRU
596 _a1
999 _a270.6 E92
_wDEWEY
_c50235
_i60876
_e2017-3-30
_f2021-11-11
_g5
_lCCODEBUL1
_mBUL
_n1
_p34.00
_r0
_sY
_tBOOK
_u2015-7-6
_xTEOLOGIA
_PP35
_0COMPRA
_o.STAFF. Colección Teología
_d50235
980 _818226
_gJaime Vilcazán Jefe de Análisis Documental